000 01589nam0a2200325 i 4500
001 RU\NLR\BIBL_A\011826021
005 20260405175415.0
010 _a9785987128596
_9500
035 _a(NLR Aleph) 011826021
090 _a11985957
_c11985957
100 _a20181017d2018 u y0rusy50 ca
101 0 _arus
102 _aRU
105 _ay w 001zy
200 1 _aБеседы о литературе: Восток
_e[сборник трудов]
_fГеоргий Чистяков
_gРоссийская академия наук, Институт научной информации по общественным наукам
210 _aМосква
_aСанкт-Петербург
_cЦентр гуманитарных инициатив
_d2018
215 _a429, [2] с.
_d22
225 1 _aHumanitas
_fредакционная коллегия: Л.В. Скворцов (председатель) и др.
300 _aНа 4-й с. обл. авт.: Г.П. Чистяков, богослов, историк, филолог, священник
606 _aЗападноевропейская литература
_z19 - 20 вв.
_92273363
_3RU\NLR\AUTH\661362474
606 _aРусская литература
_z19 в.
_9916588
_3RU\NLR\AUTH\6616122
686 1 _aШ5(0)53я44
686 1 _aШ5(0)6я44
686 1 _aШ5(2=Р)5я44
700 1 _7ca
_8rus
_aЧистяков
_bГ. П.
_f1953-2007
_gГеоргий Петрович
_959419
_3RU\NLR\AUTH\7776491
942 _cBOOK
980 _aNBR